Normal view
MARC view
- Prestressed concrete.
Entry Topical Term
001 - CONTROL NUMBER
- control field: 23341
003 - CONTROL NUMBER IDENTIFIER
- control field: NUST
005 - DATE AND TIME OF LATEST TRANSACTION
- control field: 20191008190608.0
008 - FIXED-LENGTH DATA ELEMENTS
- fixed length control field: 191008|| aca||aabn | a|a d
040 ## - CATALOGING SOURCE
- Original cataloging agency: NUST
- Transcribing agency: NUST
150 ## - HEADING--TOPICAL TERM
- Topical term or geographic name entry element: Prestressed concrete.
670 ## - SOURCE DATA FOUND
- Source citation: Work cat.: (NUST): Nawy, Edward G. 23340, Prestressed concrete :
